| 000 | 04535namaa22004211i 4500 | ||
|---|---|---|---|
| 003 | OSt | ||
| 005 | 20251210114746.0 | ||
| 008 | 250827s2024 ua a|||frm||| 000 0 eng d | ||
| 040 |
_aEG-GICUC _bara _cEG-GICUC _dEG-GICUC _erda |
||
| 041 | 0 |
_aara _bara _beng |
|
| 049 | _aإيداع | ||
| 082 | 0 | 4 | _a190 |
| 092 |
_a190 _221 |
||
| 097 | _aدكتوراه | ||
| 099 | _aCai01.02.05.Ph.D.2024.إي.ت | ||
| 100 | 0 |
_a،إيمان طارق محمود رشدي _eإعداد. |
|
| 245 | 1 | 0 |
_aتمثلات الإسلام في فلسفة هيجل / _cإعداد إيمان طارق محمود رشدي؛ إشراف أ.د صلاح الدين بسيوني رسلان، د. أيمن أحمد محمد. |
| 246 | 1 | 5 | _aManifestations of islam in hegel's philosophy / |
| 264 | 0 | _c2024. | |
| 300 |
_a187 صفحة : _bإيضاحيات ؛ _c25 cm. + _eCD. |
||
| 336 |
_atext _2rda content |
||
| 337 |
_aUnmediated _2rdamedia |
||
| 338 |
_avolume _2rdacarrier |
||
| 502 | _aأطروحة (دكتوراه)-جامعة القاهرة، 2024. | ||
| 504 | _aببليوجرافيا: صفحات 174-183. | ||
| 520 | _aتنبع الأهمية الكبرى لدراسة رؤية هيجل حول الإسلام من كونها رؤية تمتلك نفوذًا متزايدًا في عقلنة سيادة الغرب على العالم. فلم ينظر للدين الإسلامي بوصفه خاتم الأديان. لذا فصورة الإسلام تبدو إشكالًا حقيقيًا داخل فلسفة هيجل. أن صورة العرب والإسلام عند هيجل في حاجة إلى قراءة جديدة لتوضيح مكانة الإسلام في ذلك التصور الغربي، بوصفه أحد أهم عوامل التأثير على التصورات الغربية الأوروبية ونظرتها التي تنطوى على العنصرية، والسيادة، والتعالى على العالم العربي والإسلامي. لذلك تهدف هذه الدراسة إلى تحليل ونقد المنظور الهيجلي حول الإسلام، من خلال قراءة موقف هيجل تجاه الإسلام من رؤى متعددة، أي الإسلام كدين، وتاريخ، وفلسفة، وفن بوصفها المظاهر التي يتجلى فيها الروح المطلق من أجل وعي ذاته. وفي دراستنا سنحاول تقديم قراءة جديدة من خلال قراءة مختلف الأعمال الهيجلية لنعرف هل موقف هيجل عن الإسلام موقفا سلبيا تمامًا أم موقفًا إيجابيًا لذا ستحاول الدراسة الوقوف على تأويل متسق داخليَّا لرؤية هيجل عن الإسلام. | ||
| 520 | _aThe importance of the views of Hegel on Islam stems from the fact that it had considerable influence in rationalizing the West’s dominance over the world, He didn’t see Islam as the last of religions. So the vision of Islam appears to be real problematic within Hegel's system. As Hegel’s point of view of Arabs and Islam needs a new reading to clarify the place of Islam in western perception, and its racist, Eurocentric and Islamophobic views of Arabs and the Islamic world. Therefore, this study aims to analyze and criticize Hegel perspective about Islam, through a reading of Hegel's attitude towards Islam from multiple perspectives, i.e. Islam as religion, history, philosophy, and as art as through those three manifestations of the absolute spirit, man realizes the absolute. So that in our study, we will try to represent a new reading of Hegel's view about Islam, by reading his works to know whether Hegel's views on Islam are completely negative or has some positive component? So this study will attempt to find a consistent interpretation of Hegel's view of Islam. | ||
| 530 | _aصدر أيضًا كقرص مدمج. | ||
| 546 | _aالنص بالعربية والملخص باللغة الإنجليزية والعربية. | ||
| 650 | 7 |
_aالفلسفة الغربية _2qrmak |
|
| 653 | 0 |
_aهيجل _aالإسلام _aالمحمدية |
|
| 700 | 0 |
_aصلاح الدين بسيوني رسلان _eمشرف أطروحة. |
|
| 700 | 0 |
_aأيمن أحمد محمد _eمشرف أطروحة. |
|
| 900 |
_b01-01-2024 _cصلاح الدين بسيوني رسلان _cأيمن أحمد محمد _Uجامعة القاهرة _Fكلية الآداب _Dقسم الفلسفة |
||
| 905 |
_aSara _eAfaf |
||
| 942 |
_2ddc _cTH _e21 _n0 |
||
| 999 | _c176574 | ||